LEADER 01284nam a2200277 i 4500 001 991003906469707536 005 20020509134152.0 008 010514s1984 it ||| | ita 035 $ab11232560-39ule_inst 035 $aPARLA190969$9ExL 040 $aDip.to Filosofia$bita 082 0 $a361.3 110 2 $aItalia :$bDirezione generale dei servizi civili :$bUfficio studi, ricerche, documentazione, legislazione$0423419 245 12$aL'operatore pedagogico :$bproblemi e prospettive :$buna ricerca comparata in Emilia-Romagna e in Puglia condotta per conto del Ministero dell'interno, Direzione generale servizi civili, Ufficio studi e ricerche /$cPiero Bertolini ... [et al.] 260 $aBologna :$bCappelli,$c1984 300 $a383 p. ;$c21 cm. 490 0 $aCollana di pedagogia e scienze dell'educazione 500 $aSegue: Appendici 650 4$aOperatori sociali 700 1 $aBertolini, Piero$eauthor$4http://id.loc.gov/vocabulary/relators/aut$0120318 907 $a.b11232560$b23-02-17$c01-07-02 912 $a991003906469707536 945 $aLE005IF XL D 22$g1$i2005000367199$lle005$o-$pE0.00$q-$rl$s- $t0$u1$v1$w1$x0$y.i11388626$z01-07-02 996 $aOperatore pedagogico$91457249 997 $aUNISALENTO 998 $ale005$b01-01-01$cm$da $e-$fita$git $h2$i1 LEADER 01702oam 2200541M 450 001 9910715772803321 005 20191123063209.3 035 $a(CKB)5470000002514345 035 $a(OCoLC)1065782501 035 $a(OCoLC)995470000002514345 035 $a(EXLCZ)995470000002514345 100 $a20070221d1850 ua 0 101 0 $aeng 135 $aurcn||||||||| 181 $ctxt$2rdacontent 182 $cc$2rdamedia 183 $acr$2rdacarrier 200 10$aDavid Myerle. (To accompany Bill H.R. No. 212.) March 28, 1850 210 1$a[Washington, D.C.] :$c[publisher not identified],$d1850. 215 $a1 online resource (9 pages) 225 1 $aHouse report / 31st Congress, 1st session. House ;$vno. 204 225 1 $a[United States congressional serial set ] ;$v[serial no. 584] 300 $aBatch processed record: Metadata reviewed, not verified. Some fields updated by batch processes. 300 $aFDLP item number not assigned. 517 $aDavid Myerle. 606 $aBreach of contract 606 $aClaims 606 $aCordage 606 $aDefense contracts 606 $aHemp 606 $aNaval research 608 $aLegislative materials.$2lcgft 615 0$aBreach of contract. 615 0$aClaims. 615 0$aCordage. 615 0$aDefense contracts. 615 0$aHemp. 615 0$aNaval research. 701 $aBocock$b Thomas S.$f1815-1891$pDemocrat (VA)$01387387 801 0$bWYU 801 1$bWYU 801 2$bOCLCO 801 2$bOCLCQ 801 2$bOCLCO 906 $aBOOK 912 $a9910715772803321 996 $aDavid Myerle. (To accompany Bill H.R. No. 212.) March 28, 1850$93478341 997 $aUNINA